| 000 | 00459nam a2200181Ia 4500 | ||
|---|---|---|---|
| 001 | 12637 | ||
| 003 | IN-NITTTR | ||
| 005 | 20251114233118.0 | ||
| 008 | 251113s9999||||xx |||||||||||||| ||eng|| | ||
| 040 | _beng | ||
| 040 | _cIN-NITTTR | ||
| 041 | _aeng | ||
| 082 | _a658.302 L977P | ||
| 100 | _aLuthans, Fred | ||
| 245 | 4 |
_aThe practice of supervision and management / _cLuthans, Fred, Martinko, Mark J. |
|
| 700 | _a Martinko, Mark J. | ||
| 942 |
_2ddc _cBK |
||
| 999 |
_c15273 _d15273 |
||